Statistics for All 1M Cities by Directional Proximity

Click here to take the quiz!

General Stats

  • This quiz has been taken 518 times
  • The average score is 485 of 552

Answer Stats

City % Correct
Paris
98%
Atlanta
98%
Greensboro
98%
Raleigh
98%
Columbus
98%
Washington
98%
New York
98%
Pittsburgh
98%
Charlotte
98%
Ma'anshan
97%
Louisville
97%
Philadelphia
97%
Frankfurt
97%
Gwangju
97%
Changzhou
97%
Hangzhou
97%
Milan
97%
Chicago
97%
Nanjing
97%
Changshu
97%
Mannheim
97%
Cleveland
97%
Wuxi
97%
Toronto
97%
Huainan
97%
Cincinnati
97%
Hefei
97%
Shanghai
97%
Harrisburg
97%
Seoul
97%
Wuhu
97%
Munich
97%
Beijing
97%
London
97%
Buffalo
97%
Xingtai
96%
Prague
96%
Miami
96%
Kaifeng
96%
Brussels
96%
Cologne
96%
Amsterdam
96%
Qingdao
96%
Hanover
96%
Detroit
96%
Jacksonville
96%
Monterrey
96%
The Ruhr
96%
Cixi
96%
Jiangyin
96%
Rizhao
96%
Huaibei
96%
Lianyungang
96%
Taizhou
96%
Berlin
96%
Jinan
96%
Xuzhou
96%
Shijiazhuang
96%
Dalian
96%
Zurich
96%
Changwon
96%
Barcelona
96%
Yantai
96%
Ottawa
96%
Stuttgart
96%
Baoding
96%
Bordeaux
96%
Linyi
96%
Weifang
96%
Daejeon
96%
New Orleans
96%
Toulouse
96%
Turin
96%
Anyang
96%
Nantong
96%
Copenhagen
96%
Mexico City
96%
Bengbu
96%
Marseille
96%
Rotterdam
96%
Nuremberg
96%
Jining
96%
Tianjin
96%
Yangzhou
96%
Richmond
96%
Wuhan
96%
Lyon
96%
Zhenjiang
96%
Handan
96%
Indianapolis
96%
Daegu
96%
Hamburg
96%
Pyongyang
96%
Huai'an
96%
McAllen
96%
Yancheng
96%
Tai'an
96%
Zibo
96%
Torreón
95%
Birmingham
95%
Nagpur
95%
Lille
95%
Yichang
95%
Saint Louis
95%
Manchester
95%
Tangshan
95%
Bhilai
95%
Ulsan
95%
Stockton
95%
Nashville
95%
Sheffield
95%
Sacramento
95%
Busan
95%
Nanyang
95%
San Antonio
95%
Newcastle
95%
Leeds
95%
Xiangyang
95%
Antwerp
95%
Virginia Beach
95%
Boston
95%
Mumbai
95%
Nottingham
95%
Karachi
95%
Delhi
95%
Salt Lake City
95%
Melbourne
95%
Liverpool
95%
Nasik
94%
Xinxiang
94%
Kotā
94%
Milwaukee
94%
Aurangabad
94%
Hartford
94%
Hiroshima
94%
Jabalpur
94%
Indore
94%
Agra
94%
Querétaro
94%
Hyderabad
94%
Jodhpur
94%
Bhopal
94%
Las Vegas
94%
Gwalior
94%
Vadodara
94%
Ciudad Juárez
94%
Kitakyushu
94%
Fukuoka
94%
Luoyang
94%
Jiaozuo
94%
Kansas City
94%
Tokyo
94%
Allahabad
94%
Glasgow
94%
Orlando
94%
Aguascalientes
94%
Qinhuangdao
94%
Madrid
94%
Pune
94%
Jaipur
94%
Surat
94%
Memphis
94%
Mérida
94%
Belo Horizonte
94%
Dallas
94%
San Luis Potosí
94%
Nanchang
94%
Zhengzhou
94%
Brasília
94%
Alīgarh
94%
Taiyuan
94%
Seattle
94%
Kumamoto
94%
Tampa
94%
Lucknow
94%
San Francisco
94%
Shenyang
94%
Los Angeles
94%
Kanpur
94%
Rio de Janeiro
94%
El Paso
94%
Moscow
94%
Ahmedabad
93%
Taichung
93%
Rajkot
93%
Oklahoma City
93%
Zhuzhou
93%
Changsha
93%
Dublin
93%
Vienna
93%
Hengyang
93%
Cape Coral
93%
Jinzhou
93%
Yiwu
93%
Benxi
93%
Vijayawada
93%
León
93%
Xiamen
93%
Hyderabad
93%
Taipei
93%
Shantou
93%
Vishakhapatnam
93%
Xiangtan
93%
Budapest
93%
Lisbon
93%
Rome
93%
Huizhou
93%
Anshan
93%
Ranchi
92%
Shizuoka
92%
Āsansol
92%
Donetsk
92%
Rabat
92%
Valencia
92%
Belgrade
92%
Ningbo
92%
Kayseri
92%
Rostov
92%
Houston
92%
Kathmandu
92%
Wenzhou
92%
Konya
92%
Voronezh
92%
Putian
92%
Campinas
92%
Fuji
92%
São Paulo
92%
Kharkiv
92%
Osaka
92%
San Diego
92%
Beirut
92%
Kiev
92%
Chennai
92%
Adana
92%
Tangier
92%
Oslo
92%
Fez
92%
Jamshedpur
92%
Athens
92%
Nagoya
92%
Kaohsiung
92%
Minsk
92%
Guadalajara
92%
Tainan
92%
Qingyuan
92%
Montréal
92%
Seville
92%
Southampton
92%
Patna
92%
Tel Aviv-Jaffa
92%
Warsaw
92%
Cangnan
92%
Fuzhou
92%
Algiers
92%
Phoenix
92%
Málaga
92%
Oran
92%
Izmir
91%
Hamamatsu
91%
Gujranwala
91%
Bogotá
91%
Odessa
91%
Alexandria
91%
Lahore
91%
Helsinki
91%
Casablanca
91%
Istanbul
91%
Varanasi
91%
Dhanbad
91%
Damascus
91%
Okayama
91%
Bursa
91%
Ankara
91%
Vancouver
91%
Portland
91%
Hubli
91%
Tiruchirappalli
90%
Antalya
90%
Kochi
90%
Coimbatore
90%
Aleppo
90%
Dnipropetrovsk
90%
Faisalabad
90%
Lagos
90%
Bangalore
90%
Cartagena
90%
Chandigarh
90%
Madurai
90%
Amman
90%
Gaziantep
90%
Mysore
90%
Dammam
90%
Nizhny Novgorod
90%
Barranquilla
90%
Vitória
90%
Salem
90%
Doha
90%
Medellín
90%
Kabul
90%
Marrakesh
90%
Accra
90%
Peshawar
90%
Rawalpindi
90%
Volgograd
90%
Havana
90%
Manama
90%
Jullundur
90%
Goiânia
90%
Hanoi
90%
Tiruppur
90%
Ludhiana
90%
Panama City
90%
Saint Petersburg
90%
Bucaramanga
90%
Amritsar
90%
Porto
90%
Sofia
89%
Zhangjiakou
89%
Basra
89%
Guilin
89%
Saratov
89%
Chifeng
89%
Barquisimeto
89%
Guangzhou
89%
Cairo
89%
Kuala Lumpur
89%
Katowice
89%
Jakarta
89%
Manila
89%
Maracaibo
89%
Multan
89%
Kuwait City
89%
Bucharest
89%
Buenos Aires
89%
Gaza
89%
Hong Kong
89%
Harbin
88%
Lima
88%
Kumasi
88%
Curitiba
88%
Ho Chi Minh City
88%
Xi'an
88%
Riyadh
88%
Lomé
88%
Chongqing
88%
Phnom Penh
88%
Isfahan
88%
Niamey
88%
Ahvaz
88%
Ouagadougou
88%
Bangkok
88%
Port-au-Prince
88%
Cotonou
88%
Mexicali
88%
Ufa
88%
Qom
88%
Changchun
88%
Tegucigalpa
88%
Rosario
88%
Cali
88%
Shiraz
88%
Quetta
88%
Zunyi
87%
Perm
87%
Singapore
87%
Liuzhou
87%
Managua
87%
Stockholm
87%
Caracas
87%
Samara
87%
Yinchuan
87%
Sholapur
87%
Johannesburg
87%
Córdoba
87%
Santos
87%
Jilin
87%
Austin
87%
Kazan
87%
Wanzhou
87%
Guiyang
87%
Santiago
87%
Porto Alegre
87%
Sapporo
86%
Dubai
86%
Edmonton
86%
San Pedro Sula
86%
Kano
86%
Kaduna
86%
Zhuhai
86%
Maoming
86%
Baghdad
86%
Douala
86%
San Salvador
86%
Onitsha
86%
Mandalay
86%
Abidjan
86%
Medina
86%
Quito
86%
Benin City
86%
Abuja
86%
Ibadan
86%
San José
86%
Denver
86%
Guatemala City
86%
Yaoundé
85%
Minneapolis
85%
Nanning
85%
Guayaquil
85%
Naples
85%
Sendai
85%
Meerut
85%
Yangon
85%
Dhaka
85%
Mendoza
85%
Tehran
85%
Aba
85%
Baoji
85%
Calgary
85%
Tijuana
85%
Daqing
84%
Kolkata
84%
Bhubaneswar
84%
Datong
84%
Huhehot
84%
Bandung
84%
Baotou
84%
Qiqihar
84%
La Paz
84%
Semarang
84%
Nairobi
84%
Port Harcourt
84%
Kirkuk
83%
Batam
83%
Sydney
83%
Sousse
83%
Tabriz
83%
Tunis
83%
Asunción
83%
Maputo
83%
Yerevan
83%
Malang
82%
Yogyakarta
82%
Abu Dhabi
82%
Melbourne
82%
Surabaya
82%
Maracay
82%
Cape Town
82%
Nanchong
82%
Lanzhou
82%
Surakarta
82%
Port Elizabeth
82%
Pekanbaru
82%
Srinagar
82%
Bareilly
82%
Valencia
82%
Palembang
82%
Mosul
82%
Tripoli
81%
Harare
81%
Morādābād
81%
Ulaanbaatar
81%
Tbilisi
81%
Addis Ababa
81%
Colombo
81%
Denpasar
81%
Erbil
81%
Zhanjiang
81%
Jeddah
80%
George Town
80%
Davao
80%
Lusaka
80%
Baku
80%
Mecca
80%
Kunming
80%
Cebu
80%
Khulna
79%
Medan
79%
Bandar Lampung
78%
Kampala
78%
Kinshasa
78%
Sana'a
78%
Dar es Salaam
78%
Monrovia
78%
Chonburi
78%
Chittagong
78%
Adelaide
78%
Salvador
78%
Serang
78%
Bamako
77%
Santo Domingo
77%
Guwahati
77%
Teresina
76%
Fortaleza
76%
Montevideo
76%
Haikou
76%
Brisbane
76%
Durban
76%
Mogadishu
75%
Khartoum
74%
Mashhad
74%
Luanda
74%
Kigali
74%
Chengdu
74%
Dakar
74%
Muscat
74%
Agadir
73%
Mombasa
73%
Mbuji-Mayi
73%
Ashgabat
73%
Mianyang
72%
San Juan
72%
Angeles
72%
Conakry
72%
Recife
72%
Freetown
72%
Naha
72%
Pointe-Noire
71%
Santa Cruz
71%
Perth
71%
Brazzaville
71%
Auckland
70%
Natal
69%
João Pessoa
69%
Bishkek
68%
Cochabamba
68%
Tashkent
68%
Maceió
67%
Almaty
67%
Honolulu
66%
Concepción
66%
Nouakchott
64%
Bangui
62%
Puebla
62%
Toluca
62%
Lilongwe
61%
Cuernavaca
60%
Belém
60%
São Luís
59%
Yekaterinburg
58%
Chelyabinsk
58%
Omsk
58%
Manaus
57%
Xining
55%
Lubumbashi
54%
N'Djamena
54%
Maiduguri
54%
Ürümqi
53%
Novosibirsk
52%
Antananarivo
49%
Valparaíso
42%
Krasnoyarsk
42%
Makassar
40%

Score Distribution

Percentile by Number Answered

Percent of People with Each Score

Your Score History

You have not taken this quiz